Statistics for The Dam Percy Jackson Quiz

Click here to take the quiz!

General Stats

  • This quiz has been taken 75 times
  • The average score is 11 of 14

Answer Stats

QuestionAnswer% Correct
percy's favourite colour - I'm giving y'all an easy one hereblue
97%
frank zhang is the son ofmars
92%
percy jackson isall of the above
89%
Best deityhestia
88%
hazel loves what animal?horses
88%
reyna's pet isall of the above
80%
Paul's surname ~should~ beBlowfish
80%
annabeth's fatal flaw ishubris
80%
the deadliest weapon isa blue hairbrush
74%
how do you get out of chinese handcuffs?You turn into an iguanna
74%
worst deityHERAAAAAAAAAAAAA
73%
who is Irisall of the above (no offense Iris, you're great :) )
67%
funniest thingdam
65%
Jason was stabbed with ...... when he pretended to be a spiritimperial gold
64%

Score Distribution

Percentile by Number Answered

Percent of People with Each Score

Your Score History

You have not taken this quiz